Quotes from The Office Quiz Stats

 Plays Quiz not verified by Sporcle

Support Sporcle.
Go Orange.
Score 0/30 Timer 06:00
0 Plays Today
Quote Character % Correct
Through concentration, I can raise and lower my cholesterol at will.Dwight
97.4%
Fact. Bears eat beets. Bears. Beets. Battlestar Galactica.Jim
92.1%
I'm not offended by homosexuality. In the 60's, I made love to many, many women. Often outdoors... in the mud and the rain. And it's possible a man slipped in.Creed
90.8%
I got myself for Secret Santa. I was supposed to tell somebody, but I didn't.Kevin
87.7%
Yeah, I went hunting once. Shot a deer in the leg. Had to kill it with a shovel. Took about an hour. Why do you ask?Michael
86.8%
If I had to, I could clean out my desk in five seconds and nobody would ever know I had ever been here. And I'd forget too.Ryan
86.8%
They're making fun of Cookie Monster. I get that. But in a strange way, it feels like they're making fun of me.Kevin
80.7%
Pam, will you marry me?Jim
80.3%
I actually look forward to performance reviews. I did the youth beauty pageant circuit, and I enjoyed that quite a bit. I really enjoy being judged.Angela
79.8%
Boy, have you lost your mind, cause I'll help you find it!Stanley
78.1%
So, apparently no one dresses up for Halloween here. I wish I'd known that before I used grease paint for my mustache. And I can't even take off my hat, because then I'm Hitler.Pam
78.1%
Jim told me you could by gaydar online.Dwight
78.1%
Myth: Three Americans every year die from rabies. Fact: Four Americans every year die from rabies.Michael
77.2%
Okay, just so I understand it. In your wildest fantasy, you are in hell and you are co-running a bed and breakfast with the devil.Jim
75.4%
When I was in the 6th grade I was a finalist in our school spelling bee. It was me against Raj Patel. I misspelled, in front of the entire school, the word 'failure'. Dwight
74.1%
Quote Character % Correct
Oh this looks great. I'd love to be there but my daughter's play is tonight. Dammit! You know, one of the other parents will probably videotape it.Toby
71.9%
You don't go by Monopoly, man, that game is nuts! Nobody just picks up 'get out of jail free' cards. Those things cost thousands!Creed
71.1%
Well, Valentine's Day isn't over. Let's get you home, and you are going to get the best sex of your life.Roy
70.2%
When I heard Jim and Pam had kissed. My reaction was to have lots of long talks with Jim about our feelings. Roy just attacked him. I'm not sure which one Jim hated more.Karen
63.6%
And then, my last job was at a Taco Bell Express. But then it became a full-time Taco Bell and... I donno. I couldn't keep up.Erin
55.7%
[After Toby's head was blown off] Joke's on you Goldenface, that man was a wanted animal rapist.Agent Michael Scarn
54.8%
That's right, partyers! It's time to limbo, limbo, limbo! Alright, I need a volunteer to come up here and hold my stick. Huh? Who's it gonna be?Captain Jack
51.3%
Last night on 'Trading Spouses,' there's... did you see it?Jim
49.1%
If doing 'The Scarn' is gay, then I'm the biggest queer on earth!Todd Packer
48.7%
No, the hospital will provide a dictionary, bring a thesaurus.Oscar
45.6%
When you're dealing with a large organization, sometimes you have to put up with policies you don't like. I wish my gym didn't allow full nudity in the locker room.Gabe
43.4%
Nobody hug me, I'm covered in tree sap.Andy
43%
Ok so you setup this fake company, then you hired this homeless women to impersonate an executive, to spy on me so that you could copy my sales technique.Danny
42.5%
Yeah, uh, here's the deal, I did not understand that this was supposed to be a full on report and what not. I was under the impression that this was more like a meet-and-greet.Craig
18.9%
It was nice to meet some of you!Katy
11.8%

You're not logged in!

Compare scores with friends on all Sporcle quizzes.
OR
Log In

From the Vault

Sightseeing in Asia

by jonesjeffum

This would make a pretty exciting vacation.
Remove Ads.
Support Sporcle.
Get the best of Sporcle when you Go Orange. This ad-free experience offers more features, more stats, and more fun while also helping to support Sporcle. Thank you for becoming a member.

Show Comments

Extras

Top Quizzes Today


Score Distribution

Your Account Isn't Verified!

In order to create a playlist on Sporcle, you need to verify the email address you used during registration. Go to your Sporcle Settings to finish the process.

Report this User

Report this user for behavior that violates our Community Guidelines.

Details: